TEXTBOOK OF REHABILITATION (Record no. 8380)

MARC details
000 -LEADER
fixed length control field 00408nam a22001697a 4500
005 - DATE AND TIME OF LATEST TRANSACTION
control field 20230821104646.0
008 - FIXED-LENGTH DATA ELEMENTS--GENERAL INFORMATION
fixed length control field 230817b |||||||| |||| 00| 0 eng d
020 ## - INTERNATIONAL STANDARD BOOK NUMBER
ISBN 978-93-89188-70-7
041 ## - LANGUAGE CODE
Language code of text/sound track or separate title eng
082 ## - DEWEY DECIMAL CLASSIFICATION NUMBER
Classification number 615.8 SUN-T
100 ## - MAIN ENTRY--AUTHOR NAME
Personal name SUNDER,S
245 ## - TITLE STATEMENT
Title TEXTBOOK OF REHABILITATION
260 ## - PUBLICATION, DISTRIBUTION, ETC. (IMPRINT)
Place of publication NEW DELHI
Name of publisher JAYPEE BROTHERS
Year of publication 2020
300 ## - PHYSICAL DESCRIPTION
Number of Pages 624;p
650 ## - SUBJECT ADDED ENTRY--TOPICAL TERM
Topical Term BPT
942 ## - ADDED ENTRY ELEMENTS (KOHA)
Koha item type Books
Holdings
Lost status Damaged status Collection code Home library Current library Shelving location Date acquired Source of acquisition Cost, normal purchase price Full call number Accession Number Koha item type
    Reference JRU Library JRU Library SHELF- 8- B 05/08/2023 PURCHASE 875.00 615.8 27865 Books
    PHYSIOTHERAPY JRU Library JRU Library SHELF-20-A 05/08/2023 PURCHASE 875.00 615.8 27866 Books
    PHYSIOTHERAPY JRU Library JRU Library SHELF-20-A 05/08/2023 PURCHASE 875.00 615.8 27867 Books